Ricostruisci la Carriera del Calciatore - Armando Izzo - Statistics

Statistiche generali
  • Questo quiz è stato fatto 9 volte
  • Il punteggio medio è 3 su 5
Statistiche sulle risposte
Hint Risposta % Corretto
2012-2014 Avellino
86%
2022- Monza
86%
2018-2022 Torino
86%
2014-2018 Genoa
57%
2011-2012 Triestina
29%
Nessun quiz corrispondente trovato
Distribuzione punteggi
Percentuale di utenti per punteggio
Percentile per numero di risposta
I tuoi punteggi nel tempo
Non hai fatto questo quiz